- Castro, Antonio P.,
Entrada Nombre personal
Número de registros utilizados en: 22
001 - NÚMERO DE CONTROL
- campo de control: 6620
003 - IDENTIFICADOR DEL NÚMERO DE CONTROL
- campo de control: AR-BaAGN
005 - FECHA Y HORA DE LA ÚLTIMA TRANSACCIÓN
- campo de control: 20231113142103.0
008 - ELEMENTOS DE DATO DE LONGITUD-FIJA
- campo de control de longitud fija: 231109|| aca||aabn | a|a d
024 7# - IDENTIFICADOR DE OTROS ESTÁNDARES
- Número estándar o código: 16156809459245121546
- Fuente: viaf
- URI de un objeto del mundo real: http://viaf.org/viaf/16156809459245121546
040 ## - FUENTE DE CATALOGACIÓN
- Centro catalogador/agencia de origen: AR-BaBN
- Lengua de catalogación: spa
- Normas de descripción: aacr
- Centro/agencia modificador: AR-BaAGN
100 1# - ENCABEZAMIENTO-NOMBRE DE PERSONA
- Nombre de persona: Castro, Antonio P.,
- Fechas asociadas al nombre: 1902-1958
370 ## - LUGAR ASOCIADO
- Lugar de nacimiento: Concordia (Entre Ríos)
- Lugar de fallecimiento: Buenos Aires (Provincia)
372 ## - CAMPO DE ACTIVIDAD
- Campo de actividad: Historia
374 ## - OCUPACIÓN
- Ocupación: Historiadores
374 ## - OCUPACIÓN
- Ocupación: Periodistas
400 1# - TRAZADO DE VÉASE--NOMBRE DE PERSONA
- Nombre de persona: Castro, Antonio Pedro,
- Fechas asociadas al nombre: 1902-1958
400 1# - TRAZADO DE VÉASE--NOMBRE DE PERSONA
- Nombre de persona: Castro, Antonio,
- Fechas asociadas al nombre: 1902-1958
670 ## - FUENTE DE DATOS ENCONTRADOS
- Cita de la fuente: Biblioteca Nacional Mariano Moreno, 9 noviembre 2023:
- Información encontrada: catálogo de autoridades (Castro, Antonio P.)
670 ## - FUENTE DE DATOS ENCONTRADOS
- Cita de la fuente: El jesuita Domingo de Olascoaga. 1956:
- Información encontrada: port. (Antonio P. Castro)
670 ## - FUENTE DE DATOS ENCONTRADOS
- Cita de la fuente: Abad de Santillán, D. Gran encicl. argentina, 1956:
- Información encontrada: v.2 (Castro, Antonio P.; historiador y funcionario, n. en Condordia, Entre Ríos, el 29 de jun. de 1902; fue director del Palacio San José y Museo regional Urquiza)
670 ## - FUENTE DE DATOS ENCONTRADOS
- Cita de la fuente: Paz, C. Efemérides lits. argentinas, 1999:
- Información encontrada: p. 217 (20 mayo 1958, m. en Buenos Aires el historiador y escritor entrerriano Antonio P. Castro, Presidente de la Comisión Nacional de Cultura en 1947) p. 285 (29 jun. 1902, n. en Concordia, Entre Ríos; periodista, historiador y escritor)
670 ## - FUENTE DE DATOS ENCONTRADOS
- Cita de la fuente: Biblioteca del Congreso de la Nación Argentina, 17 oct. 2016:
- Información encontrada: cat. bibl. (Castro, Antonio Pedro, 1902-1958)
